000 00802nam a2200289 a 4500
001 vtls001192674
003 NLI
005 20210603151050.0
008 120328s1916 ii 001 0 eng d
039 9 _y201203281644
_zVLOAD
040 _a NLI
_b eng
_c Entertech IMP - 2012
_e AACR2
041 0 _aeng
044 _aii
084 _a171.C.231
100 1 _aBosu, N. D.
_9626180
245 1 2 _aA Summary of hindu law /
_cby N. D. Basu
250 _a2nd ed
260 _aCalcutta :
_bA. C. Mitra and N. D. Basu ,
_c1916
300 _aviii, 576 p. ;
_c17 cm.
650 0 _aHindu law
_9127657
650 0 _aCustomary law
_zIndia
_9352295
887 _a
901 _aIMP77099 :
_b08.12.2010
902 _a171.C.231
942 _2ddc
_cBKS
949 _AVIRTUAITEM
_D10000
_X100
_6IMP000077099ENG
999 _c463553
_d463553